| 000 | 00476nam a2200181Ia 4500 | ||
|---|---|---|---|
| 003 | GCL | ||
| 008 | 140319s9999 xx 000 0 eng d | ||
| 040 |
_aGCL / _cGCL |
||
| 082 | 0 | 4 |
_a355.825119 _bE I |
| 100 | 1 | _aEVRAN, YAIR | |
| 245 | 1 | 0 |
_aISRAEL'S NUCLEAR DILEMMA / _cEVRAN, YAIR |
| 260 |
_a[S.N] : _bROUTLEDGE ، _c1994 |
||
| 300 | _a327 P | ||
| 650 | 0 | 4 | _aNUCLEAR WEAPONS - MIDDLE EAST |
| 650 | 0 | 4 | _aMIDDLE EAST |
| 650 | 0 | 4 | _aNUCLEAR WEAPONS - ISRAEL |
| 942 |
_2ddc _cBK |
||
| 999 |
_c14361 _d14361 |
||